| 000 | 00791nam a2200205 a 4500 | ||
|---|---|---|---|
| 001 | 000028120 | ||
| 005 | 20240314073719.0 | ||
| 008 | 110406s2005 dr 000 0dspa d | ||
| 040 |
_aDO-SdBNP _bspa _cBNPHU |
||
| 082 | _aF-RD 17 | ||
| 245 | 0 | 1 |
_aIdeario de Duarte / _ccompilado y anotado por Vetilio Alfau Durán ; presentación Porfirio García Fernández. |
| 260 |
_aSanto Domingo : _bUniversidad Autónoma de Santo Domingo, _c2005. _fUniversitaria |
||
| 300 |
_a24 p. ; _c21 cm. |
||
| 600 | 1 | 0 |
_aDuarte, Juan Pablo, _d1813-1876 _91494 |
| 651 | 4 |
_aRepública Dominicana _xHistoria _y1844-1930 _xFuentes _938423 |
|
| 700 | 1 |
_aAlfau Durán, Vetilio, _d1909-1985 _ecomp. _910091 |
|
| 700 | 1 |
_aGarcía Fernández, Profirio _955126 |
|
| 910 | _aValidado. Control de calidad EMS | ||
| 049 | _aBNPD | ||
| 999 |
_c27612 _d27612 |
||